000 02417nam0a2200385 4500
001 RU\NLR\bibl\1040259
005 20260407121159.0
021 _aRU
_b2006-82466
_94176
035 _a(nilc)RSL-KNO-003005322
035 _a(NLR Aleph) 001027658
090 _a738498
_c738498
100 _a20061219d2006 |||y0rusy50 ca
101 0 _arus
102 _aRU
105 _ay zzzz|||||
106 _ar
200 1 _aМагия слова
_eзаговор
_eпо материалам фольклорного архива Новгородского государственного университета
_e[учебно-методическое пособие]
_fФедеральное агентство по образованию, Новгородский гос. ун-т им. Ярослава Мудрого
_g[авт.-сост. Бердяева Ольга Сергеевна]
210 _aВеликий Новгород
_cНовгородский гос. ун-т
_d2006
_eВеликий Новгород
_gНовгор. гос. ун-т им. Ярослава Мудрого
215 _a99 с.
_d21
320 _aБиблиогр.: с. 96-97 (31 назв.)
606 1 _aЗаговоры и заклинания русские
_yНовгородская область
_92461854
_3RU\NLR\auth\661462750
610 0 _aФилологические науки. Художественная литература -- Фольклор. Фольклористика -- Российская Федерация -- Фольклор восточных славян -- Русский фольклор -- Произведения фольклора и их исследования -- Лирические жанры -- Обрядовая поэзия -- Заговоры. Заклинания -- Тексты
610 0 _aзаговоры
686 _aШ3(2=1Р)-633.50
_2rubbk
686 _aШ3(2=1Р)-633.50-99
686 _aТ52(2Р31-4Но)я7
702 1 _aБердяева
_bО. С.
_gОльга Сергеевна
_4220
712 0 2 _4570
_aНовгородский государственный университет им. Ярослава Мудрого
_bФольклорный архив
_9641134
_3RU\NLR\AUTH\8810069765
801 0 _aRU
_bРКП
_c20061219
_grcr
801 1 _aRU
_bРГБ
_c20061219
801 2 _aRU
_bNLR
_c20070205
_grcr
942 _cBOOK
980 _aNB
980 _aNBR